000 00366nam a2200145Ia 4500
008 230711s9999||||xx |||||||||||||| ||und||
041 _aENG
082 _a624
_bAN-H
100 _aAnderson,John D
245 0 _aHynuronic and high temperature gas dynamics
250 _a1st Ed.
260 _c1989
_aNew York
_bMulanawafull
650 _aCivil Engineering
942 _cBK
999 _c1175
_d1175